|
|
|
|
| LEADER |
01911cas a2200241 a 4500 |
| 001 |
AALejournalIMF016559 |
| 008 |
230101c9999 xx r poo 0 0eng d |
| 020 |
|
|
|c 5.00 USD
|
| 020 |
|
|
|z 9781513587684
|
| 022 |
|
|
|a 1934-7685
|
| 040 |
|
|
|a BD-DhAAL
|c BD-DhAAL
|
| 110 |
2 |
|
|a International Monetary Fund.
|b European Dept.
|
| 245 |
1 |
4 |
|a The Republic of Moldova :
|b Staff Report for the 2015 Article IV Consultation and Third Post-Program Monitoring Discussions-Press Release; Staff Report; and Statement by the Executive Director for the Republic of Moldova.
|
| 264 |
|
1 |
|a Washington, D.C. :
|b International Monetary Fund,
|c 2016.
|
| 300 |
|
|
|a 1 online resource (75 pages)
|
| 490 |
1 |
|
|a IMF Staff Country Reports
|
| 500 |
|
|
|a <strong>Off-Campus Access:</strong> No User ID or Password Required
|
| 500 |
|
|
|a <strong>On-Campus Access:</strong> No User ID or Password Required
|
| 506 |
|
|
|a Electronic access restricted to authorized BRAC University faculty, staff and students
|
| 520 |
3 |
|
|a This 2015 Article IV Consultation highlights that Moldova's economic growth, at 3.6 percent, came in surprisingly strong in the first half of 2015 and was largely driven by net exports. Reserves fell by about a third between October 2014 and February 2015, but have been stable since. Net outflows in the financial account surged at end-2014, owing to election uncertainty and the banking crisis, but the outflow in currency and deposits tapered off in the second quarter of 2015. The near-term outlook is difficult. The economy is projected to contract by 1.75 percent in 2015, followed by a marginal recovery of about 1.5 percent in 2016. Deep reform is needed in the financial sector.
|
| 538 |
|
|
|a Mode of access: Internet
|
| 830 |
|
0 |
|a IMF Staff Country Reports; Country Report ;
|v No. 2016/019
|
| 856 |
4 |
0 |
|z Full text available on IMF
|u http://elibrary.imf.org/view/journals/002/2016/019/002.2016.issue-019-en.xml
|z IMF e-Library
|